header

Nation & novel (Record no. 237252)

MARC details
000 -LEADER
fixed length control field 01452nam a2200361 a 4500
082 04 - DEWEY DECIMAL CLASSIFICATION NUMBER
Classification number 823.009/358
100 1# - MAIN ENTRY--AUTHOR NAME
Personal name Parrinder, Patrick.
245 10 - TITLE STATEMENT
Title Nation & novel
260 ## - PUBLICATION, DISTRIBUTION, ETC. (IMPRINT)
Place of publication Oxford ;
-- New York :
Name of publisher Oxford University Press,
Year of publication 2006.
300 ## - PHYSICAL DESCRIPTION
Number of Pages viii, 502 p.
650 #0 - SUBJECT ADDED ENTRY--TOPICAL TERM
Topical Term English fiction
Topical Term National characteristics, English, in literature.
Topical Term Nationalism and literature
Topical Term Nationalism in literature.
856 40 - ELECTRONIC LOCATION AND ACCESS
Uniform Resource Identifier http://site.ebrary.com/lib/rucke/Doc?id=10177943

No items available.

© 2026 Rongo University
Contact us: librarian | system librarian | Rongo university